Treatise on marine ecology and paleoecology / (Record no. 70122)
[ view plain ]
| 000 -LEADER | |
|---|---|
| fixed length control field | 01150nam a2200301 a 4500 |
| 001 - CONTROL NUMBER | |
| control field | 70122 |
| 003 - CONTROL NUMBER IDENTIFIER | |
| rucl marc code | BD-RjUL |
| 005 - DATE AND TIME OF LATEST TRANSACTION | |
| control field | 20211209081951.0 |
| 008 - FIXED-LENGTH DATA ELEMENTS--GENERAL INFORMATION | |
| fixed length control field | 170416r19631957nyua b 101 0 eng d |
| 035 ## - SYSTEM CONTROL NUMBER | |
| System control number | (BD-RjUL)70334 |
| 040 ## - CATALOGING SOURCE | |
| Original cataloging agency | DLC |
| Transcribing agency | OKentU |
| Modifying agency | OClW-H |
| -- | OCoLC |
| -- | BD-RjUL |
| Language of cataloging | eng |
| 041 ## - LANGUAGE CODE | |
| Language code of text/sound track or separate title | eng |
| 082 ## - DEWEY DECIMAL CLASSIFICATION NUMBER | |
| Edition number | 23 |
| Classification number | 577.7 |
| Author mark and year | NAT 1963. |
| 110 2# - MAIN ENTRY--CORPORATE NAME | |
| Corporate name or jurisdiction name as entry element | National Research Council (U.S.). |
| Subordinate unit | Committee on a Treatise on Marine Ecology and Paleoecology. |
| 9 (RLIN) | 207672 |
| 245 10 - TITLE STATEMENT | |
| Title | Treatise on marine ecology and paleoecology / |
| Statement of responsibility, etc. | edited by Joel W. Hedgpeth and Harry S. Ladd |
| 260 ## - PUBLICATION, DISTRIBUTION, ETC. (IMPRINT) | |
| Place of publication, distribution, etc. | New York : |
| Name of publisher, distributor, etc. | Geological Society of America, |
| Date of publication, distribution, etc. | 1957 [reprint 1963]. |
| 300 ## - PHYSICAL DESCRIPTION | |
| Pagination | v. : |
| Illustrations | ill. ; |
| Size | 26 cm. |
| 410 20 - SERIES STATEMENT/ADDED ENTRY--CORPORATE NAME [OBSOLETE, CAN/MARC], [LOCAL, USA] | |
| Corporate name or jurisdiction name as entry element | Geological Society of America. |
| Title of a work | Memoir, |
| Volume number/sequential designation | 67. |
| 504 ## - BIBLIOGRAPHY, ETC. NOTE | |
| Bibliography, etc | Includes bibliographies and indexes. |
| 505 0# - FORMATTED CONTENTS NOTE | |
| Formatted contents note | Vol. 1. Ecology -- v. 2 Paleoecology -- |
| 650 #0 - SUBJECT ADDED ENTRY--TOPICAL TERM | |
| Topical term or geographic name as entry element | Marine ecology. |
| 9 (RLIN) | 201198 |
| Topical term or geographic name as entry element | Paleoecology. |
| 9 (RLIN) | 205744 |
| 700 1# - ADDED ENTRY--PERSONAL NAME | |
| Personal name | Hedgpeth, Joel W. |
| Fuller form of name | (Joel Walker), |
| Dates associated with a name | 1911-2006, |
| Relator term | ed. |
| Personal name | Ladd, Harry S. |
| 830 ## - SERIES ADDED ENTRY--UNIFORM TITLE | |
| Uniform title | Geological Society of America. |
| Volume number/sequential designation | Memoir, 67. |
| 942 ## - ADDED ENTRY ELEMENTS (KOHA) | |
| Source of classification or shelving scheme | Dewey Decimal Classification |
| Koha item type | Books |
| Lost status | Source of classification or shelving scheme | Damaged status | Not for loan | Collection code | Permanent Location | Current Location | Shelving location | Date acquired | Source of acquisition | Cost, normal purchase price | Total Checkouts | Full call number | Date last seen | Copy number | Koha item type |
|---|---|---|---|---|---|---|---|---|---|---|---|---|---|---|---|
| Dewey Decimal Classification | Not For Loan | Non-fiction | Central Library, University of Rajshahi | Central Library, University of Rajshahi | Reading Room | 06/06/1964 | Zeitlinger | 241.00 | 577.7 NAT V-1 1963. | 16/04/2017 | C-1 | Books | |||
| Dewey Decimal Classification | Not For Loan | Non-fiction | Central Library, University of Rajshahi | Central Library, University of Rajshahi | Reading Room | 06/06/1964 | Zetlinger | 240.00 | 577.7 NAT V-2 1963. | 22/05/2017 | C-1 | Books |